300 Brazilian Soccer Teams Logos #2 - Statistics

General Stats
  • This quiz has been taken 6 times
    5 since last reset
  • The average score is 75 of 300
Answer Stats
Picture Answer % Correct
Capivariano - SP
100%
Feira - BA
80%
Vasco - AC
80%
Flamengo - PI
60%
Itapirense - SP
60%
Mogi Mirim - SP
60%
Nacional - MG
60%
Penapolense - SP
60%
Rio Claro - SP
60%
Santos - AP
60%
Tupi - MG
60%
XV de Jaú - SP
60%
América - SP
40%
Araçatuba - SP
40%
Assisense - SP
40%
Bandeirante - SP
40%
Barcelona - SP
40%
Barretos - SP
40%
Blumenau - SC
40%
Catanduva - SP
40%
Colorado Caieiras - SP
40%
Comercial - SP
40%
EC São Bernardo - SP
40%
Fluminense de Feira - BA
40%
Fluminense - SC
40%
Guarulhos - SP
40%
Independente - SP
40%
Internacional - SP
40%
Jabaquara - SP
40%
Jacareí - SP
40%
Lemense - SP
40%
Manthiqueira - SP
40%
Matonense - SP
40%
Mauaense - SP
40%
Mauá - SP
40%
Paulinense - SP
40%
Paulínia Universitário - SP
40%
Rio Branco - SP
40%
Riopretano - SP
40%
Rio Preto - SP
40%
Santacruzense - SP
40%
Santa Fé - SP
40%
Sãocarlense - SP
40%
São Carlos - SP
40%
São Cristóvão - RJ
40%
Sertãozinho - SP
40%
Tanabi - SP
40%
Taquaritinga - SP
40%
Tiradentes - CE
40%
Tubarão - SC
40%
Tupã - SP
40%
União Barbarense - SP
40%
União Suzano - SP
40%
União Suzano - SP
40%
Vilavelhense - ES
40%
VOCEM - SP
40%
Votoraty - SP
40%
ABECAT - GO
20%
ADEC - AP
20%
ADESG - AC
20%
Águia - PE
20%
Aliança - AL
20%
Alvorada - TO
20%
Amazônia Independente - PA
20%
Americano - MA
20%
América - PE
20%
América - SE
20%
Andraus - PR
20%
Angra dos Reis - RJ
20%
APAFUT - RS
20%
Aquidauana - MS
20%
Araguaia - TO
20%
Araruama - RJ
20%
Araucária - PR
20%
Atlético Gloriense - SE
20%
Atlético Marajó - PA
20%
Atlético - MT
20%
Atlético - PA
20%
Atlético - PB
20%
Atlético - PI
20%
Atlético - RR
20%
Auto-Esporte - PB
20%
Aymorés - MG
20%
Bagé - RS
20%
Balsas - MA
20%
Baraúnas - RN
20%
Barbalha - CE
20%
BARE - AP
20%
Barra Mansa - RJ
20%
Barra - SE
20%
Barreiras - BA
20%
Bataguassú - MS
20%
Batalhão - TO
20%
Batel - PR
20%
Bela Vista - TO
20%
Belford Roxo - RJ
20%
Belo Jardim - PE
20%
Bom Jesus - GO
20%
Bonsucesso - RJ
20%
Brasil - RS
20%
Cacerense - MT
20%
Caeté - PA
20%
Caiçara - PI
20%
Camaçari - BA
20%
Campo Grande - RJ
20%
Campo Novo - MT
20%
Canaã - PA
20%
Canário - AP
20%
Candango - DF
20%
Canindé - SE
20%
Capitão Poço - PA
20%
Capixaba - ES
20%
Carajás - PA
20%
Carapebus - RJ
20%
Caravaggio - SC
20%
Cariri - CE
20%
Carmópolis - SE
20%
Caruaru City - PE
20%
Catanduvense - SP
20%
CDC da Amazônia - AM
20%
CEFAT - CE
20%
Ceilandense - DF
20%
Central Paraíso - TO
20%
Centro Oeste - GO
20%
Centro - PE
20%
Chapada - MT
20%
Clíper - AM
20%
Coimbra - MG
20%
Comercial - PI
20%
Cori-sabbá - PI
20%
Corumbaense - MS
20%
Coxim - MS
20%
Crateús - CE
20%
Cristal - AP
20%
Crixás - GO
20%
Cruzeiro - DF
20%
Cruzeiro - PB
20%
Decisão - PE
20%
Desportiva Aracaju - SE
20%
E.C. de Patos - PB
20%
Estanciano - SE
20%
Estrela do Norte - ES
20%
Expressinho - MA
20%
Femar - PB
20%
Força e Luz - RN
20%
Forte - ES
20%
Freipaulistano - SE
20%
Friburguense - RJ
20%
Gaúcho - RS
20%
Gramadense - RS
20%
Grapiúna - BA
20%
Grêmio Maringá - PR
20%
GREVAL - GO->DF
20%
Guaporé - RO
20%
Guarabira - PB
20%
Guaraí - TO
20%
Guarani - CE
20%
Guarani - MG
20%
Guarani - RS
20%
Guarani - SC
20%
Guarany - SE
20%
Gurupi - TO
20%
Independente - PA
20%
Independente - SE
20%
Inhumas - GO
20%
Internacional de S.M. - RS
20%
Ipojuca - PE
20%
Itapipoca - CE
20%
Itaquá - SP
20%
Itupiranga - PA
20%
ITZ Sport - MA
20%
Ivinhema - MS
20%
Izabelense - PA
20%
Jacyobá - AL
20%
Jaguaré - ES
20%
Jaraguá do Sul - SC
20%
José Bonifácio - SP
20%
Lagoa - AP
20%
Lago Verde - MA
20%
Lajeadense - RS
20%
Laranja Mecânica - PR
20%
Laranjeiras - ES
20%
Latitude Zero - AP
20%
Legião - DF
20%
Leônico - BA
20%
Linhares - ES
20%
Luminense - MA
20%
Luziânia - GO->DF
20%
Mamoré - MG
20%
Maracaju - MS
20%
Maranguape - CE
20%
Mazagão - AP
20%
Metropolitano - SC
20%
Miguelense - AL
20%
Mineiros - GO
20%
Miramar - PB
20%
Monte Roraima - RR
20%
Morrinhos - GO
20%
Mossoró - RN
20%
Nação - SC
20%
Nacional - PR
20%
Náuas - AC
20%
Naviraiense - MS
20%
Niteroiense - RJ
20%
Nova Cidade - RJ
20%
Nova Cruz - AL
20%
Oeirense - PI
20%
Olímpico - SE
20%
Operário - AM
20%
Pacatuba - CE
20%
Paduano - RJ
20%
Pantanal - MS
20%
Paraíso - TO
20%
Paranavaí - PR
20%
Paranoá - DF
20%
Parintins - AM
20%
Passo Fundo - RS
20%
Patriotas - PR
20%
Paulistano - MT
20%
Petrópolis - RJ
20%
Picuiense - PB
20%
Pinheiro - MA
20%
Pinheiros - ES
20%
Plácido de Castro - AC
20%
Planaltina - DF
20%
Pombal - PB
20%
Porto - BA
20%
Porto - PE
20%
Portuguesa - AP
20%
Potyguar Seridoense - RN
20%
Primeiro Passo - BA
20%
Progresso - RR
20%
Prudentópolis - PR
20%
Quinho - RN
20%
RB do Norte - AM
20%
Redenção - BA
20%
Renovação - AP
20%
Riacho City - DF
20%
Rio Negro - RR
20%
Rio Norte - AP
20%
Rio Verde - GO
20%
Rive - ES
20%
River - RR
20%
Rolim de Moura - RO
20%
Rondoniense - RO
20%
Samambaia - DF
20%
Santa Cruz - AC
20%
Santa Cruz - MT
20%
Santa Rita - PB
20%
Santa Rosa - PA
20%
Santos Athletico - PA
20%
São Domingos - AL
20%
São Gabriel - MS
20%
São Gonçalo - RJ
20%
São José - AP
20%
São José - MA
20%
São Luís - MA
20%
Serra Branca - PB
20%
Serrano - PB
20%
Serrano - RJ
20%
Sete - AM
20%
Sobradinho - DF
20%
Sorriso E.C. - MT
20%
Sorriso FC - MT
20%
Spartax - PB
20%
Sport Capixaba - ES
20%
Sporting - AL
20%
Sport Lucena - PB
20%
Sport Sinop - MT
20%
SSA - BA
20%
Sul América - AM
20%
Taquarassú - TO
20%
Tarumã - AM
20%
Taveirópolis - MS
20%
Teresina - PI
20%
Tocantins - TO
20%
Toledo - PR
20%
Tupan - MA
20%
Tupy - GO
20%
Uirapuru - MT
20%
União Cacoalense - RO
20%
União de Palmas - TO
20%
União Frederiquense - RS
20%
União Mogi - SP
20%
União Paraense - PA
20%
Unidos do Alvorada - AM
20%
Unidos do Cruzeiro - DF
20%
Univassouras Artsul - RJ
20%
Urumajó - PA
20%
Valeriodoce - MG
20%
Varginha - MG
20%
Várzea Grande - MT
20%
Vera Cruz - PE
20%
Vera Cruz - RJ
20%
Veranópolis - RS
20%
Viana - MA
20%
Vilhena - RO
20%
Visão Celeste - RN
20%
Ypiranga - PE
20%
Zumbi - AL
20%
No matching quizzes found
Score Distribution
Percent of People with Each Score
Percentile by Number Answered
Your Score History
You have not taken this quiz since the last reset